Economics : (Record no. 18856)

MARC details
000 -LEADER
fixed length control field 00475nam a22001697a 4500
003 - CONTROL NUMBER IDENTIFIER
control field BDDh-ASL
005 - DATE AND TIME OF LATEST TRANSACTION
control field 20231015025737.0
008 - FIXED-LENGTH DATA ELEMENTS--GENERAL INFORMATION
fixed length control field 201031s2009 b ||||| |||| 00| 0 eng d
040 ## - CATALOGING SOURCE
Original cataloging agency BDDh-ASL
Transcribing agency BDDh-ASL
082 ## - DEWEY DECIMAL CLASSIFICATION NUMBER
Classification number 923.3
Item number ECO
245 10 - TITLE STATEMENT
Title Economics :
Remainder of title a nobel science /
260 ## - PUBLICATION, DISTRIBUTION, ETC.
Place of publication, distribution, etc. Dhaka :
Name of publisher, distributor, etc. Young Economists Society (YES),
Date of publication, distribution, etc. 2009.
300 ## - PHYSICAL DESCRIPTION
Extent 162 p. :
Dimensions 28 cm.
650 #0 - SUBJECT ADDED ENTRY--TOPICAL TERM
9 (RLIN) 853
Topical term or geographic name entry element Economics
General subdivision Nobel Prize
700 1# - ADDED ENTRY--PERSONAL NAME
9 (RLIN) 1749
Personal name Mahmood, Shakil
942 ## - ADDED ENTRY ELEMENTS (KOHA)
Source of classification or shelving scheme Dewey Decimal Classification
Koha item type Books
Holdings
Withdrawn status Lost status Source of classification or shelving scheme Damaged status Not for loan Collection code Home library Current library Shelving location Date acquired Source of acquisition Total Checkouts Full call number Barcode Date last seen Copy number Price effective from Koha item type
    Dewey Decimal Classification     Non-fiction Asiatic Society Library Asiatic Society Library General Stacks 10/31/2020 Complementary   923.3 ECO 102091 10/31/2020 C-1 10/31/2020 Books

Powered by Koha